Nationalism / (Record no. 125604)

MARC details
000 -LEADER
fixed length control field 00692nam a22002297a 4500
005 - DATE AND TIME OF LATEST TRANSACTION
control field 20170124105957.0
010 ## - LIBRARY OF CONGRESS CONTROL NUMBER
LC control number A-576041
020 ## - INTERNATIONAL STANDARD BOOK NUMBER
Terms of availability 50.00
035 ## - SYSTEM CONTROL NUMBER
System control number A-576041
037 ## - SOURCE OF ACQUISITION
Source of stock number/acquisition Cen Lib/Ret
040 ## - CATALOGING SOURCE
Original cataloging agency DPL
Language of cataloging EN
082 ## - DEWEY DECIMAL CLASSIFICATION NUMBER
Classification number 080
Item number TAG
100 ## - MAIN ENTRY--PERSONAL NAME
Personal name Tagore, Rabindranath
9 (RLIN) 14916
245 ## - TITLE STATEMENT
Title Nationalism /
Statement of responsibility, etc by Rabindranath Tagore
260 ## - PUBLICATION, DISTRIBUTION, ETC. (IMPRINT)
Place of publication, distribution, etc Calcutta
Name of publisher, distributor, etc Rupa and Co
Date of publication, distribution, etc 1992
270 ## - ADDRESS
Address 15 Bankim Chatterjee Street
City Calcutta
Postal code 700073
300 ## - PHYSICAL DESCRIPTION
Extent 104p.
Dimensions 19cm(Hb)
500 ## - GENERAL NOTE
General note Includes bibliographic references and index
650 ## - SUBJECT ADDED ENTRY--TOPICAL TERM
Topical term or geographic name as entry element Nationalities, Principle of
9 (RLIN) 14917
650 ## - SUBJECT ADDED ENTRY--TOPICAL TERM
Topical term or geographic name as entry element National characteristics
9 (RLIN) 14918
942 ## - ADDED ENTRY ELEMENTS (KOHA)
Source of classification or shelving scheme Dewey Decimal Classification
Koha item type English Books
Classification part 080
Call number suffix TAG
Holdings
Withdrawn status Lost status Damaged status Not for loan Home library Current library Date acquired Source of acquisition Cost, normal purchase price Total Checkouts Total Renewals Full call number Barcode Date last seen Date checked out Copy number Cost, replacement price Price effective from Koha item type
        Central Library Central Library 22/06/2015 Cen Lib/Ret 50.00 3 2 080 TAG A-576041 16/03/2023 10/02/2023 1 50.00 15/09/2016 English Books

© Delhi Public Library
Hit Counter
free hit counter